000 01664nam0a2200301 i 4500
001 RU\NLR\bibl\2052795
005 20260503061118.0
021 _aRU
_b2013-45615
_93165
035 _a(NLR Aleph) 002039787
090 _a4590460
_c4590460
100 _a20130711d2013 u||y0rusy50 ca
101 0 _arus
102 _aRU
105 _aa j||||01iy
200 1 _aНасососы химических производств
_e[учебно-методическое пособие]
_fМ-во образования и науки Рос. Федерации, Рос. хим.-технол. ун-т им. Д. И. Менделеева
_g[сост.: Дмитриев Евгений Александрович и др.]
210 _aМосква
_cРоссийский химико-технологический университет
_d2013
215 _a48 с.
_cил
_d21
320 _aБиблиогр.: с. 47 (8 назв.)
606 _aНасосы химических производств
_jУчебно-методические пособия для высших учебных заведений
_91323039
_3RU\NLR\AUTH\66549697
686 1 _aЛ111.1-55я73-1
702 1 _4220
_aДмитриев
_bЕ. А.
_cд-р техн. наук, гидродинамика
_gЕвгений Александрович
_9133696
_3RU\NLR\AUTH\770133730
712 0 2 _4570
_aРоссийский химико-технологический университет им. Д. И. Менделеева
_9277911
_3RU\NLR\AUTH\883338
801 0 _aRU
_bNLR
_c20130711
_gRCR
801 1 _aRU
_bNLR
_c20130711
942 _cBOOK
980 _aNBR